ბათუმის შოთა რუსთაველის სახელმწიფო უნივერსიტეტის ბიბლიოთეკა

Education Equity Now ! (ბიბ.ჩანაწერი № 57088)

000 -LEADER
fixed length control field 00730nam a2200205 4500
003 - CONTROL NUMBER IDENTIFIER
control field Ge_BSU
005 - DATE AND TIME OF LATEST TRANSACTION
control field 20191114144004.0
008 - FIXED-LENGTH DATA ELEMENTS--GENERAL INFORMATION
fixed length control field 191114s2014 en ||||| |||| 00| 0 eng d
041 ## - LANGUAGE CODE
Language code of text/sound track or separate title eng
080 ## - UNIVERSAL DECIMAL CLASSIFICATION NUMBER
Universal Decimal Classification number 37.01 E-25
245 ## - TITLE STATEMENT
Title Education Equity Now !
Remainder of title A regional analysis of the situation of out of school children in Central and Eastern Europe and the Commonwealth of Independent States /
Statement of responsibility, etc. edit. Stephen Boyle.
264 ## - PRODUCTION, PUBLICATION, DISTRIBUTION, MANUFACTURE, AND COPYRIGHT NOTICE
Place of production, publication, distribution, manufacture Geneva,
Date of production, publication, distribution, manufacture, or copyright notice 2014.
300 ## - PHYSICAL DESCRIPTION
Extent 31 p.:
Dimensions 28 cm.
653 ## - INDEX TERM--UNCONTROLLED
keyword განათლება
653 ## - INDEX TERM--UNCONTROLLED
keyword სკოლა
653 ## - INDEX TERM--UNCONTROLLED
keyword G L O BAL INITIATIVE ON OUT OF SCHOOL CHILDREN
700 ## - ADDED ENTRY--PERSONAL NAME
Personal name Boule, Stephen
Relator term რედაქტორი
9 (RLIN) 5344
710 ## - ADDED ENTRY--CORPORATE NAME
Relator term UNICEF
9 (RLIN) 5343
942 ## - ADDED ENTRY ELEMENTS (KOHA)
Source of classification or shelving scheme
Koha item type წიგნი
ეგზემპლარები
Withdrawn status Lost status Source of classification or shelving scheme Damaged status Not for loan Permanent Location Current Location Shelving location Date acquired Cost, normal purchase price Full call number Barcode Date last seen Copy number Price effective from Koha item type Public note
          ბათუმის შოთა რუსთაველის სახელმწიფო უნივერსიტეტის მთავარი ბიბლიოთეკა ბათუმის შოთა რუსთაველის სახელმწიფო უნივერსიტეტის მთავარი ბიბლიოთეკა წიგნსაცავი 2019-11-14 3.00 37.01 E-25 60220 2019-11-14 60220 2019-11-14 წიგნი 3.00
          ბათუმის შოთა რუსთაველის სახელმწიფო უნივერსიტეტის მთავარი ბიბლიოთეკა ბათუმის შოთა რუსთაველის სახელმწიფო უნივერსიტეტის მთავარი ბიბლიოთეკა წიგნსაცავი 2019-11-14 3.00 37.01 E-25 60221 2019-11-14 60221 2019-11-14 წიგნი 3.00
          ბათუმის შოთა რუსთაველის სახელმწიფო უნივერსიტეტის მთავარი ბიბლიოთეკა ბათუმის შოთა რუსთაველის სახელმწიფო უნივერსიტეტის მთავარი ბიბლიოთეკა წიგნსაცავი 2022-11-04 6.00 37.01 E-25 60222 2022-11-04 60222 2022-11-04 წიგნი 6 ლ.